Lacná pracovná sila je iba dočasnou výhodou slovenského poľnohospodárstva
Porovnanie úrovne slovenského poľnohospodárstva v oblasti ľudských zdrojov s krajinami EÚ. Ukazovatele: cena práce, veková a kvalifikačná štruktúra pracovníkov, produktivita práce, kvalita manažmentu, územná koncentrácia podnikov, a i. Prevládajú komparatívne nevýhody slovenského poľnohospodárstva.
Salvato in:
| Autore principale: | |
|---|---|
| Natura: | Capitolo di libro |
| Lingua: | slovacco |
| Soggetti: | |
| Tags: |
Nessun Tag, puoi essere il primo ad aggiungerne!!
|
MARC
| LEADER | 00000naa a2200000 4500 | ||
|---|---|---|---|
| 001 | r020061 | ||
| 005 | 20230921074323.1 | ||
| 041 | 0 | |a slo | |
| 044 | |a SK | ||
| 245 | 1 | 0 | |a Lacná pracovná sila je iba dočasnou výhodou slovenského poľnohospodárstva |c Stanislav Buchta |
| 520 | |a Porovnanie úrovne slovenského poľnohospodárstva v oblasti ľudských zdrojov s krajinami EÚ. Ukazovatele: cena práce, veková a kvalifikačná štruktúra pracovníkov, produktivita práce, kvalita manažmentu, územná koncentrácia podnikov, a i. Prevládajú komparatívne nevýhody slovenského poľnohospodárstva. | ||
| 610 | 2 | 0 | |a Slovensko |
| 610 | 2 | 0 | |a poľnohospodárstvo |
| 610 | 2 | 0 | |a zdroje ľudské |
| 610 | 2 | 0 | |a Európska únia |
| 610 | 2 | 0 | |a porovnanie medzinárodné |
| 610 | 2 | 0 | |a ukazovatele ekonomické |
| 100 | 1 | |a Buchta, Stanislav | |